000 01875cam a2200313 a 4500
999 _c127922
_d127922
001 4290225
003 ARRUPE
005 20180412101205.0
008 851216s1984 cg a b 000 0 fre
010 _a 85240013
040 _aDLC
_cDLC
_dDLC
043 _af-cg---
050 0 0 _aGN654
_b.I95 1984
082 0 0 _a306/.09675/1
_219
100 0 _aIze-Senze.
_941489
245 1 0 _aSymbolique verbale et rituelle chez les Sakata, Lele, Wongo, Kuba, Lulua, Mbole et Vira (Rép. du Zaïre) /
_cIze-Sense [sic], Kabulampuka Kanyinda & autres.
260 _aBandundu, République du Zaïre :
_bCeeba,
_c1984.
300 _a135 p. :
_bill. ;
_c27 cm.
490 1 _aPublications. Série II ;
_vvol. 93
504 _aIncludes bibliographies.
505 0 _aLe secte Nkuba, 1936-1958 / par Kabulampuka Kanyinda -- Conception de l'homme et rite de passage dans l'au-delà chez les Sakata / par Ize-Senze Iyeabojeme -- Quelques rites examinés chez le peuple Lele / par Shanga Mapangu -- Epreuve de poison dans les procès traditionnels chez les Bavira / par Minga Shanga M. & Bulongo L. -- "Ipome," poison anti-sorcier dans les rites Leele, Kuba et Wongo / par Minga Shanga M. & Makutu Nyim -- Valeur et sens du système anthroponymique des Bambole (Haut-Zaïre) / par Minga Shanga M., avec la collabortion de Lukolanday Humudi -- Les chansons traditionnelles Lele et leur signification socioculturelle / par Makutu-Nyim et Minga Shanga.
650 0 _aEthnology
_zCongo (Democratic Republic)
_917640
650 0 _aRites and ceremonies
_zCongo (Democratic Republic)
_938822
650 0 _aFolk literature, Bantu
_zCongo (Democratic Republic)
_941490
651 0 _aCongo (Democratic Republic)
_xSocial life and customs.
_925892
700 0 _aKabulampuka Kanyinda.
_941491
830 0 _aPublications (Ceeba).
_nSérie II ;
_vv. 93.
_941492
906 _a7
_bcbc
_corignew
_d3
_encip
_f19
_gy-gencatlg
942 _2lcc
_cMONOGRAPH